Top 10 Richest Companies in the World in 2018 by Revenue - Statistics

General Stats
  • This quiz has been taken 45 times
  • The average score is 7 of 16
Answer Stats
Rank Company Industry Revenue in USD % Correct
1 Walmart Retail $500 billion
80%
6 Toyota Motor Automobiles $265 billion
73%
5 Royal Dutch Shell Petroleum $312 billion
61%
8 BP Petroleum $245 billion
59%
Country United States Country Country
57%
7 Volkswagen Automobiles $260 billion
57%
Country China Country Country
50%
9 Exxon Mobil Petroleum $244 billion
50%
Country Netherlands / United Kingdom Country Country
50%
Country United Kingdom Country Country
50%
Country Japan Country Country
48%
Country Germany Country Country
45%
10 Berkshire Hathaway Holding $242 billion
32%
4 China National Petroleum Petroleum $326 billion
7%
3 Sinopec Group Petroleum $327 billion
7%
2 State Grid Power $349 billion
0%
No matching quizzes found
Score Distribution
Percent of People with Each Score
Percentile by Number Answered
Your Score History
You have not taken this quiz